Statistiques concernant Toutes les extensions de cartes Pokémon

Cliquez ici pour prendre le quiz!

Statistiques générales

  • Ce quiz a été pris 47 fois
  • Le résultat moyen est 25 sur 98

Statistiques - réponses

BlocSérie% Correct
XYXY
79%
WizardsSet de base
67%
WizardsJungle
64%
Épée et BouclierÉpée et Bouclier
55%
WizardsFossile
55%
Noir et BlancNoir et Blanc
55%
Soleil et LuneSoleil et Lune
55%
WizardsTeam Rocket
55%
Diamant et PerleTempête
55%
PlatinePlatine
52%
XYÉvolutions
48%
XYImpulsion Turbo
42%
WizardsNeo Genesis
42%
ExDeoxys
39%
XYOffensive Vapeur
39%
ExRubis & Saphir
39%
ExDragon
36%
ExEmeraude
36%
XYPoings Furieux
36%
Soleil et LuneDuo de Choc
33%
Soleil et LuneInvasion Carmin
33%
ExRouge Feu & Vert Feuille
33%
WizardsAquapolis
30%
ExEspèce Delta
30%
XYÉtincelles
30%
ExGardiens de Cristal
30%
XYGénérations
30%
Noir et BlancGlaciation Plasma
30%
WizardsNeo Destiny
30%
XYPrimo-Choc
30%
Épée et BouclierRègne de Glace
30%
XYVigueur Spectrale
30%
PlatineArceus
27%
XYBienvenue à Kalos
27%
Soleil et LuneDestinées Occultes
27%
Épée et BouclierDestinées Radieuses
27%
XYOrigines Antiques
27%
ExTempête de Sable
27%
Soleil et LuneUltra-Prisme
27%
Épée et BouclierVoltage Éclatant
27%
XYCiel Rugissant
24%
HeartGold SoulSilverDéchaînement
24%
WizardsExpedition
24%
Noir et BlancFrontières Franchies
24%
HeartGold SoulSilverHeartGold SoulSilver
24%
ExIles des Dragons
24%
WizardsNeo Discovery
24%
WizardsNeo Revelation
24%
XYRupture Turbo
24%
Épée et BouclierStyles de Combat
24%
PlatineVainqueurs Suprêmes
24%
Diamant et PerleAube Majestueuse
21%
XYDouble Danger
21%
Noir et BlancExplosion Plasma
21%
ExFantômes Holon
21%
Soleil et LuneHarmonie des Esprits
21%
Épée et BouclierLa Voie du Maître
21%
ExTeam Rocket Returns
21%
Noir et BlancTempête Plasma
21%
Épée et BouclierTénèbres Embrasées
21%
HeartGold SoulSilverTriomphe
21%
Épée et BouclierClash des Rebelles
18%
Noir et BlancDestinées Futures
18%
Diamant et PerleDiamant & Perle
18%
Noir et BlancDragons Exaltés
18%
Soleil et LuneGardiens Ascendants
18%
ExGardiens du Pouvoir
18%
HeartGold SoulSilverIndomptable
18%
Noir et BlancNobles Victoires
18%
Soleil et LuneOmbres Ardentes
18%
PlatineRivaux Émergeants
18%
Soleil et LuneÉclipse Cosmique
15%
WizardsGym Challenge
15%
WizardsGym Heroes
15%
ExLégendes Oubliées
15%
ExTeam Magma VS Team Aqua
15%
Soleil et LuneTonnerre Perdu
15%
WizardsBase Set 2
12%
Noir et BlancCoffre des Dragons
12%
Diamant et PerleEveil des Légendes
12%
Noir et BlancExplorateurs Obscurs
12%
ExForces cachées
12%
Soleil et LuneLumière Interdite
12%
Soleil et LuneTempête Céleste
12%
Soleil et LuneAlliance Infaillible
9%
ExCréateurs de Légendes
9%
Diamant et PerleDuels au Sommet
9%
Appel des légendesL'appel des légendes
9%
WizardsLegendary Collection
9%
Diamant et PerleMerveilles Secretes
9%
WizardsSkyridge
9%
Noir et BlancLegendary Treasures
6%
Soleil et LuneMajesté des Dragons
6%
Noir et BlancPouvoirs Émergents
6%
Diamant et PerleTrésors Mystérieux
6%
XYImpact des Destines
0%
Soleil et LuneLégendes Ardentes
0%
WizardsPokemon VS
0%

Distribution des résultats

Percentile par nombre de réponses

% des personnes avec chaque résultat

Votre développement - résultats

Vous n’avez pas pris ce quiz